When the world was young : folk-tales from India's hills and forests / (Record no. 3815)

000 -LEADER
fixed length control field 00472nam a22001577a 4500
008 - FIXED-LENGTH DATA ELEMENTS--GENERAL INFORMATION
fixed length control field 200702b ||||| |||| 00| 0 eng d
041 0# - LANGUAGE CODE
Language code of text/sound track or separate title eng
082 00 - DEWEY DECIMAL CLASSIFICATION NUMBER
Classification number 398.2
Item number E523
100 ## - MAIN ENTRY--PERSONAL NAME
9 (RLIN) 3153
Personal name Elwin, Verrier.
245 10 - TITLE STATEMENT
Title When the world was young : folk-tales from India's hills and forests /
260 ## - PUBLICATION, DISTRIBUTION, ETC. (IMPRINT)
Place of publication, distribution, etc Delhi :
Name of publisher, distributor, etc Ministry of Information & Broadcasting, Govt. of India,
Date of publication, distribution, etc 1961.
300 ## - PHYSICAL DESCRIPTION
Extent 82 p.
365 ## - TRADE PRICE
Unit of pricing 1.50
650 #0 - SUBJECT ADDED ENTRY--TOPICAL TERM
Topical term or geographic name as entry element Tales
942 ## - ADDED ENTRY ELEMENTS (KOHA)
Item type Books
Holdings
Withdrawn status Lost status Source of classification or shelving scheme Damaged status Not for loan Permanent location Current location Date acquired Total Checkouts Full call number Barcode Date last seen Date last borrowed Koha item type
          IMU Kolkata IMU Kolkata 1961-12-04 1 398.2 E523 02617 2025-08-25 2025-08-07 Books
Designed and Maintained by IMU-KC Library, Kolkata Campus © Copyright All Rights Reserved

webs counters

Powered by Koha